Geothermal energy research trends /

Bibliographic Details
Other Authors: Ueckermann, Hermann I.
Format: Book
Language:English
Published: New York : Nova Science Publishers, [2008]
Subjects:
Online Access:Table of contents only

MARC

Tag First Indicator Second Indicator Subfields
LEADER 00000cam a2200000 a 4500
001 in00002383721
005 20151109082011.0
008 070327s2008 nyuab b 001 0 eng
010 |a  2007012188 
020 |a 1600216838 (hardcover) 
020 |a 9781600216831 (hardcover) 
029 1 |a AU@  |b 000041498564 
035 |a (OCoLC)ocn105449017 
035 |a (OCoLC)105449017 
040 |a DLC  |c DLC  |d YDX  |d BAKER  |d BTCTA  |d YDXCP  |d UtOrBLW 
049 |a TXAM 
050 0 0 |a TJ280.7  |b .G4425 2008 
082 0 0 |a 621.44  |2 22 
245 0 0 |a Geothermal energy research trends /  |c Herman I. Ueckermann, editor. 
264 1 |a New York :  |b Nova Science Publishers,  |c [2008] 
264 4 |c ©2008 
300 |a x, 211 pages :  |b illustrations (some color), maps ;  |c 27 cm. 
336 |a text  |b txt  |2 rdacontent 
337 |a unmediated  |b n  |2 rdamedia 
338 |a volume  |b nc  |2 rdacarrier 
504 |a Includes bibliographical references and index. 
650 0 |a Geothermal engineering. 
650 0 |a Geothermal resources. 
700 1 |a Ueckermann, Hermann I. 
856 4 1 |3 Table of contents only  |u http://www.loc.gov/catdir/toc/ecip0714/2007012188.html  |t 0 
938 |a Baker & Taylor  |b BKTY  |c 129.00  |d 129.00  |i 1600216838  |n 0007175396  |s active 
938 |a Baker and Taylor  |b BTCP  |n 2007012188 
938 |a YBP Library Services  |b YANK  |n 2554224 
945 |a PromptCat  |b 457771 
946 |a stk 
947 |a A14836697719 
945 |a PromptCat 
946 |a qatar 
947 |a Q14800182760 
948 |a cataloged  |b h  |d 2008/7/16  |e c  |a salazar  |f 1:30:59 pm 
949 |a updated-AC Qatar  |b h  |c 2009/2/2  |e jhennen 
994 |a 92  |b TXA 
999 |a MARS 
999 f f |s 9b1ef5b5-6425-3dc9-a623-683922417185  |i 71c72d63-f5d6-3f99-84e6-2c19c8531a41  |t 0 
952 f f |p ric  |a Texas A&M University  |b Rellis Campus  |c Joint Library Facility  |d Remote Storage  |t 0  |e TJ280.7 .G4425 2008  |h Library of Congress classification  |i unmediated -- volume  |m A14836697719 
998 f f |a TJ280.7 .G4425 2008  |t 0  |l Remote Storage